Statistiques concernant Les différents groupes berbères

Cliquez ici pour prendre le quiz!

Statistiques générales

  • Ce quiz a été pris 61 fois
  • Le résultat moyen est 3 sur 8

Statistiques - réponses

Réponse% Correct
Kabyles
96%
Rifains
66%
Touaregs
64%
Chleuhs
60%
Chaouias
8%
Berbères des oasis
4%
Tamazights
4%
Berbères du Tell
2%

Distribution des résultats

Percentile par nombre de réponses

% des personnes avec chaque résultat

Votre développement - résultats

Vous n’avez pas pris ce quiz